Ajuste estructural y efectos sobre desarrollo humano y ambiental /
Uloženo v:
| Hlavní autor: | |
|---|---|
| Médium: | Text |
| Tagy: |
Přidat tag
Žádné tagy, Buďte první, kdo vytvoří štítek k tomuto záznamu!
|
MARC
| LEADER | 00000 a a2200000 04500 | ||
|---|---|---|---|
| 001 | 48284 | ||
| 003 | |||
| 040 | |||
| 100 | |a Castellanos, Diego Luis | ||
| 245 | |a Ajuste estructural y efectos sobre desarrollo humano y ambiental / |c Diego Luis Castellanos | ||
| 773 | |g número9, (1993), páginas 99-119 : tabla | ||
| 999 | |c 32447 |d 32447 | ||
